01025nam a22002417a 450000500170000001000130001702000230003003500130005303700160006604000120008208200260009410000390012024501530015924600800031226000710039227000820046330000610054565000430060665000430064965000210069265000160071370000540072920170124103030.0 aA-383850 c100.00a8170551889 aA-383850 bCen Lib/Ret aDPLbHN aउ bदेसाई aदेसाई , रणजीत  aराजा रवि वर्मा /c रणजीत देसाई ;अनुवादक सरजू प्रसाद मिश्र  aRaja ravi verma b by Ranjeet Prasad Mishar ; anuvadak Sarju Prasad Mihsar  aनई दिल्ली bवाणी प्रकशन c1989 a4697/5,21ए -दरिया गंज b नई दिल्ली e110002 a306पृष्ठ. c20सेमी(सजिल्द) aहिंदी साहित्य  aहिंदी उपन्यास  aHindi literature aHindi novel aमिश्र, सरजू प्रसाद